Контроль качества в аналитической химии: пер. с англ.

書誌詳細
第一著者: Причард Э.
その他の著者: Барвик В. (переводчик), Болдырев И. В.
要約:Издание посвящено контролю качества работы аналитических лабораторий. Все положения и методики изложены на основе обновленных международных стандартов ISO/1ЕС 17025, ISO 15189, ISO 9001. Подробно описаны все этапы аналитических работ — подготовка проб, подготовка к анализу, проведение измерений, обработка данных. Описан комплексный контроль качества, включая внутрилабораторный контроль, внешний аудит, а также аккредитацию лаборатории. Специальные разделы посвящены статистическим методам, ведению документации, валидации методик. Книга адресована химикам-аналитикам; специалистам лабораторий, занимающимся испытаниями веществ и материалов; экспертам органов по аккредитации, а также специалистам, осуществляющим контрольно-надзорную деятельность в области испытаний.
言語:ロシア語
出版事項: Санкт-Петербург, Профессия, 2014
主題:
フォーマット: MixedMaterials 図書
KOHA link:https://koha.lib.tpu.ru/cgi-bin/koha/opac-detail.pl?biblionumber=318692

MARC

LEADER 00000nam0a2200000 4500
001 318692
005 20231102003113.0
010 |a 9785918840238 
035 |a (RuTPU)RU\TPU\book\344193 
035 |a RU\TPU\book\230117 
090 |a 318692 
100 |a 20120301d2014 k y0rusy50 ca 
101 1 |a rus  |c eng 
102 |a RU 
105 |a a z 001zy 
200 1 |a Контроль качества в аналитической химии  |e пер. с англ.  |f Э. Причард, В. Барвик  |g пер. с англ. под ред. И. В. Болдырева 
210 |a Санкт-Петербург  |c Профессия  |d 2014 
215 |a 319 с.  |c ил. 
320 |a Библиогр.: с. 308-309 
320 |a Глоссарий: с. 310-314 
330 |a Издание посвящено контролю качества работы аналитических лабораторий. Все положения и методики изложены на основе обновленных международных стандартов ISO/1ЕС 17025, ISO 15189, ISO 9001. Подробно описаны все этапы аналитических работ — подготовка проб, подготовка к анализу, проведение измерений, обработка данных. Описан комплексный контроль качества, включая внутрилабораторный контроль, внешний аудит, а также аккредитацию лаборатории. Специальные разделы посвящены статистическим методам, ведению документации, валидации методик. Книга адресована химикам-аналитикам; специалистам лабораторий, занимающимся испытаниями веществ и материалов; экспертам органов по аккредитации, а также специалистам, осуществляющим контрольно-надзорную деятельность в области испытаний. 
606 1 |a Химический анализ  |x Контроль качества  |2 stltpush  |3 (RuTPU)RU\TPU\subj\74402  |9 86700 
610 1 |a аналитическая химия 
610 1 |a СМК 
610 1 |a система менеджмента качества 
610 1 |a пробы 
610 1 |a отбор 
610 1 |a химический анализ 
610 1 |a химические методы 
610 1 |a химические измерения 
610 1 |a лабораторное оборудование 
610 1 |a химические реактивы 
610 1 |a химические данные 
610 1 |a обработка 
610 1 |a бенчмаркинг 
610 1 |a квалификация 
610 1 |a проверка 
610 1 |a документация 
675 |a 543.08  |v 3 
700 1 |a Причард  |b Э. 
701 1 |a Барвик  |b В. 
702 1 |a Болдырев  |b И. В.  |4 730 
801 1 |a RU  |b 63413507  |c 20160504 
801 2 |a RU  |b 63413507  |c 20160713  |g RCR 
942 |c BK 
959 |a 32/20160331  |d 3  |e 1200,00  |f ЧЗТЛ:1  |f УФ:2